header

Paradox (Record no. 123148)

MARC details
000 -LEADER
fixed length control field 01252nam a2200361 a 4500
082 04 - DEWEY DECIMAL CLASSIFICATION NUMBER
Classification number 165
100 1# - MAIN ENTRY--AUTHOR NAME
Personal name Olin, Doris,
245 10 - TITLE STATEMENT
Title Paradox
260 ## - PUBLICATION, DISTRIBUTION, ETC. (IMPRINT)
Place of publication Chesham [England] :
Name of publisher Acumen,
Year of publication 2003.
300 ## - PHYSICAL DESCRIPTION
Number of Pages x, 222 p.
490 1# - SERIES STATEMENT
Series statement Central problems of philosophy
650 #0 - SUBJECT ADDED ENTRY--TOPICAL TERM
Topical Term Paradox.
Topical Term Logic.
856 40 - ELECTRONIC LOCATION AND ACCESS
Uniform Resource Identifier http://site.ebrary.com/lib/rucke/Doc?id=10455592

No items available.

© 2026 Rongo University
Contact us: librarian | system librarian | Rongo university